30 biggest European cities by letter (with a map) -E - Statistics

General Stats
  • This quiz has been taken 958 times
  • The average score is 10 of 30
Answers on the Map
Answers color-coded by a green-red scale on the quiz's map according to % correct below.
 
Answer Stats
Answer Population % Correct
Edinburgh 464 990
99%
Essen 582 624
91%
Espoo 270 416
69%
Eindhoven 227 100
68%
Exeter 129 800
63%
Erfurt 210 118
56%
Elche 227 659
51%
Edirne 165 979
46%
Enschede 158 004
45%
Esbjerg 72 037
44%
Erlangen 108 336
36%
Emmen 107 620
30%
Elbląg 121 412
28%
Ede 112 430
22%
Eger 53 876
22%
Ełk 61 156
20%
Érd 69 431
20%
Eskilstuna 67 359
20%
El Ejido 83 594
18%
East Kilbride 75 120
16%
Elektrostal 158 508
15%
Euskirchen 58 381
15%
El Puerto de Santa María 88 405
14%
Ercolano 53 231
14%
Ellesmere Port 55 715
13%
Eschweiler 56 482
13%
El Prat de Llobregat 64 132
12%
Epsom and Ewell 80 627
10%
Enerhodar 53 343
9%
Evosmos 74 686
8%
No matching quizzes found
Score Distribution
Percent of People with Each Score
Percentile by Number Answered
Your Score History
You have not taken this quiz